000 00592nam a2200193Ia 4500
003 GCL
005 20240530095500.0
008 140319s9999 xx 000 0 ara d
040 _aGCL /
_cGCL
082 0 4 _a342.02
_bق/ص ن
100 1 _aصلاح عيسى
245 1 0 _aنحو دستور مصرى جديد /
_cصلاح عيسى
250 _aالاولى
260 _aالقاهرة :
_bمركز القاهرة لدراسات حقوق الانسان ،
_c2005
300 _a274 ص ؛
_c24 سم
650 0 4 _aالدستور
650 0 4 _aالقانون المصرى
942 _2ddc
_cBK
999 _c7690
_d7690